| 000 | 00401nam a2200157Ia 4500 | ||
|---|---|---|---|
| 008 | 190425s9999 xx 000 0 und d | ||
| 100 | _aRamos-Araneta, Macon | ||
| 245 | _aFrench chocolate maker urged to buy PH cacao/ | ||
| 245 | _cMacon Ramos-Araneta | ||
| 260 | _bManila Standard | ||
| 260 | _c2017 | ||
| 300 | _aJuly 3 | ||
| 440 | _aManila Standard | ||
| 650 | _aCacao | ||
| 650 | _aChocolate | ||
| 999 |
_c361667 _d361667 |
||